000 00347nam a2200145Ia 4500
008 100122s9999 xx 000 0 und d
082 _b19998
_a823
100 _aLARKIN PHILIP
245 _aA GIRL IN WINTER
260 _bFABER & FABER LTD
_c1974
300 _a248
630 _aA GIRL IN WINTER
730 _aA GIRL IN WINTER
942 _cBOOK
999 _c366154
_d366151